[Event "KasparovChess GP g/60"]
[Site "Internet"]
[Date "2000.02.09"]
[Round "1.2"]
[White "Svidler, Peter"]
[Black "De Firmian, Nick E"]
[Result "1-0"]
[WhiteElo "2672"]
[BlackElo "2570"]
[Annotator "Finkel,A"]
[PlyCount "101"]
[EventDate "2000.02.09"]
[EventType "k.o."]
[EventRounds "4"]
[EventCountry "NET"]
[SourceTitle "CBM 076"]
[Source "ChessBase"]
[SourceDate "2000.05.31"]
[SourceVersion "1"]
[SourceVersionDate "2000.05.31"]
[SourceQuality "1"]

{[%mdl 6176]} 1. e4 {King.} Nf6 2. e5 Nd5 3. d4 d6 4. Nf3 g6 5. Bc4 Nb6 6. Bb3
Bg7 7. Qe2 O-O 8. h3 Nc6 9. O-O Na5 10. Nc3 Nxb3 11. axb3 Bf5 {In this
position black has tried many other moves,but white managed to get small
opening advantage:the move in the game is probably the best reaction.} (11...
h6 12. Rd1 c6 13. Ne4 f5 $6 14. Nc3 f4 $6 15. d5 $5 Nxd5 16. Nxd5 cxd5 17. Rxd5
$16 {Toth,A-Khechumyan,G/FSIM March 1999}) (11... Be6 12. Re1 h6 13. Ne4 Nd7
14. Ng3 c5 15. dxc5 dxc5 16. Qe4 Qc7 $13 {Cernin,R-Sysala,S/CZE-chJM U16 1994})
(11... c6 12. Bf4 Re8 13. Rfe1 Bd7 (13... Be6 $6 14. Ng5 Qd7 15. Nxe6 Qxe6 16.
exd6 exd6 17. Qxe6 Rxe6 18. Rxe6 fxe6 19. Bxd6 Bxd4 20. Re1 $14 {Grosar,
A-Schroll,G/Graz zt 1993}) 14. Qe3 a6 15. Ng5 f6 16. Nf3 Be6 17. Re2 Nd5 18.
Nxd5 Bxd5 $11 {Olafsson,D-Werner,B/Reykjavik op 1994}) 12. Rd1 c6 13. Bg5 (13.
Bf4 a6 14. Rd2 Rc8 15. Re1 d5 $6 16. Qe3 Be6 17. Bh6 Qc7 18. Ne2 $14 {
Landenbergue,C-Ruefenacht,M/SWZ-chT 1995}) 13... Qd7 (13... f6 14. Bh4 Qd7 15.
Re1 fxe5 16. dxe5 dxe5 17. Nxe5 Qe6 $13) 14. Ne4 f6 15. Bf4 $2 fxe5 (15... Bxe4
16. Qxe4 d5 (16... fxe5 17. dxe5 d5 18. Qe3 Qf5 $6 19. Bh6 Qxc2 $2 20. Bxg7
Kxg7 21. Nd4 $18) 17. Qd3 a6 18. Re1 $14) 16. dxe5 Bg4 {I didn't manage to
understand why not} (16... Bxh3 $1 17. Bg3 Bg4 18. exd6 exd6 19. Bxd6 Bxf3 20.
gxf3 Rfe8 $15 {with better chanses.}) 17. hxg4 Rxf4 18. exd6 exd6 19. Nxd6 Nd5
(19... Qxg4 $6 20. Nxb7 Raf8 (20... Re4 21. Qd3 Nd5 22. Nh2 Qf4 23. g3) 21. Rd3
Nd5 22. Nc5 $16) 20. c4 (20. Nc4 Qxg4 $15) 20... Qxd6 21. cxd5 cxd5 22. Ra5 d4
$5 (22... Rxg4 $2 23. Raxd5 Qf6 (23... Qb6 24. Rd7 $1 $18 {[%cal Ge2e7]}) 24.
Rd7 (24. Nd4 Qh4 25. Ne6 Re4 26. Rd8+ Rxd8 27. Rxd8+ Qxd8 28. Qxe4 Qd1+ 29. Kh2
Qh5+ $11) 24... Rf8 25. Nd4 $1 {[%cal Ge2g4,Gd4e6]} Rf4 26. Ne6 Rxf2 27. Rxg7+
Qxg7 28. Qxf2 Rxf2 29. Nxg7 Rxb2 30. Rd7 Rxb3 31. Ne8 $16) 23. Qc4+ Kh8 24. Rd5
Qe7 (24... Qf8 25. Rd7 Rxf3 26. gxf3 Qxf3 27. R1xd4 $18) 25. Qb5 Rxg4 (25... a6
26. Rd7 axb5 27. Rxe7 Rxg4 28. Rxb7 $14) 26. Rd7 Qe4 27. Qxb7 Qxb7 28. Rxb7 $14
Kg8 ({Missing typical sacrifice of the pawn} 28... a5 $1 29. Ne1 d3 $1 30. Nxd3
Rd4 31. Kf1 Rad8 32. Ke2 Re4+ $11 {with equality.}) 29. Ne1 a5 (29... d3 $5 30.
Nxd3 a5) 30. Nd3 $14 {Now black bishop on g7 is just a shadow of what he might
have been!} Bf8 31. g3 Re4 32. Rc1 Re7 33. Rb5 $5 Bg7 (33... Re2 34. Rd1 $1 {
[%cal Gg1f1]}) 34. Kf1 a4 (34... Bf6 $5) 35. Ra1 Rea7 36. bxa4 Rxa4 37. Rxa4
Rxa4 38. Rb8+ Kf7 39. Rb7+ Kg8 {King: 'The blockading knight on d3 gives White
a big advantage: Black's passed d-pawn has been stopped; the scope of Black's
bishop, normally better than a knight in open positions, has been restricted;
and the knight itself, beautifully centralised, controls a number of important
squares.'} (39... Kf6) 40. b4 $16 {[%cal Gb4b8,Gf1e2,Ge2f3,Gf3d5] Black is
helpless against the advance of the b-pawn with the little help of rook and
knight.} Ra2 ({Black could have tried to dislodge the knight immediately,
though White's king is well-placed to support it:} 40... Ra3 $5 {King} 41. Ke2
Ra2+ 42. Kf3 Rd2 43. Nf4 (43. Ke4 Re2+ 44. Kd5 Rd2 45. Nc5 d3 $132) (43. Nc5 d3
44. b5 Bd4 $132) 43... g5 (43... d3 $2 44. Ke3) 44. Nh5 Be5 45. Re7 Bd6 46. Rd7
Bxb4 47. Nf6+ Kf8 48. Nxh7+ Ke8 (48... Kg8 49. Nxg5 $16) 49. Nf6+ Kf8 50. Ne4
$16) 41. Ke1 $1 {[%csl Rd2]} Bh6 (41... Ra3 42. Ke2 Ra2+ 43. Kf3 Rd2 44. Nc5 (
44. Ke4 Re2+ 45. Kd5 Rd2 46. Nc5 d3 $132) 44... h5 45. b5 Bh6 46. b6 $18) 42.
b5 Rd2 43. Ne5 d3 44. f4 $1 Re2+ 45. Kd1 Rg2 46. Rb8+ Kg7 47. Nxd3 Rxg3 48. Rd8
$18 g5 49. b6 Rg1+ 50. Kc2 Rg2+ 51. Kb3 {King: 'Black's bishop does not even
have a legal move...'} 1-0

[Event "KasparovChess GP g/60"]
[Site "Internet"]
[Date "2000.02.14"]
[Round "2.2"]
[White "Short, Nigel D"]
[Black "Svidler, Peter"]
[Result "1/2-1/2"]
[WhiteElo "2683"]
[BlackElo "2672"]
[Annotator "Lukacs,P"]
[PlyCount "67"]
[EventDate "2000.02.09"]
[EventType "k.o."]
[EventRounds "4"]
[EventCountry "NET"]
[SourceTitle "CBM 076"]
[Source "ChessBase"]
[SourceDate "2000.05.31"]
[SourceVersion "1"]
[SourceVersionDate "2000.05.31"]
[SourceQuality "1"]

1. e4 e5 2. Nf3 Nc6 3. Bc4 Bc5 4. b4 Bxb4 5. c3 Be7 (5... Ba5 {is the old main
line.}) 6. d4 Na5 7. Be2 d6 (7... exd4 {deserves attention as well.} 8. Qxd4 (
8. cxd4 {improves the P structure, but Black can quickly finish his
development attacking the [+].} Nf6 $1 (8... d5 9. e5) 9. e5 Ne4 {/\ d5 Bb4} (
9... Nd5 {looks playable as well.} 10. Bd2 {This doesn't look necessary, does
it?} Nc6 {The N goes back to the [+].} 11. Bc4 Nb6 12. Bb3 d5 $1 {Now Black's
position is solid not mentioning his extra P.} 13. Nc3 Bg4 14. Be3 O-O 15. h3
Bh5 16. O-O Qd7 17. Rb1 {(Van Heerden-D.Lau, AUS-ch 1999)} Bb4 $5 (17... Bg6
$15) 18. Rc1 Ba3 19. Rb1 Bg6 20. Bc2 Bb4 21. Bxg6 hxg6 $15) 10. O-O d5 $1 $15 {
with a healthy P up.}) 8... d5 $5 {This is the idea of a quick counterattack,
characteristic of the gambit openings.} (8... Nf6 {- Kasparov-Anand, Tal mem
Riga 1995 CBM 47}) (8... d6 {- Shirov-Timman, Biel 1995 CBM 49}) 9. exd5 (9.
Qxg7 Bf6 10. Qg3 dxe4 $36 {and Black grabs the |^ in the [+].}) 9... Nf6 {
Black gives back the P, but he can quietly finish his development and play
against White's [+].} 10. c4 (10. Qa4+ $6 {is useless because of} c6 11. c4 Ne4
12. Bd2 Nxd2 13. Nbxd2 O-O 14. dxc6 Nxc6 $15 {Gunnarson-Sashikiran, Elista ol
1998}) (10. Bb5+ c6 11. dxc6 bxc6 $11) 10... c6 (10... O-O 11. Nc3 Bb4 $5) 11.
Nc3 O-O 12. O-O Re8 13. Bb2 Bf8 14. Rfd1 cxd5 (14... Qb6 15. Qxb6 (15. Qd2 Ng4)
15... axb6 $11 {and White has also defects in his P structure.}) 15. cxd5 {
White's position looks a bit better because of his strong o^.} Bg4 16. Bb5 Bxf3
17. gxf3 Re7 18. Ne4 Nh5 19. Kh1 a6 20. Be2 Re8 21. Rg1 $13 {Winants-Kremer,
Donner mem 1996}) 8. Qa4+ (8. O-O $6 exd4 9. Qxd4 (9. cxd4 Nf6) 9... Nf6 {
and Black can finish his development without beeing disturbed.} 10. Ba3 O-O 11.
c4 c5 12. Qd3 Be6 13. Nfd2 Nd7 14. Nc3 Ne5 15. Qg3 Bh4 16. Qe3 Bxc4 $19 {
Zawadzka-Zayac, Wisla Hugart op 1999}) (8. dxe5) (8. Ba3 {is answered by} Nc6 (
8... c6 $6 {leaves the N on a5.} 9. Bb4 {/\ Qa4} (9. Qa4 b5 {- 8.Qa4}))) 8...
c6 9. dxe5 (9. Ba3 $6 b5 10. Qc2 Qc7 11. Nbd2 Nf6 12. Bb4 Nb7 {White has no
real compensation for the sacrificed P.} 13. c4 a5 14. Bc3 b4 15. Bb2 exd4 16.
Bxd4 c5 17. Bb2 a4 18. Rb1 {(Alexander-Euwe, Maastricht 1946)} O-O $1 19. O-O (
19. e5 dxe5 20. Bxe5 Qd8 $17) 19... Ng4 $17 (19... Nh5 $5)) 9... dxe5 10. Nxe5
Nf6 {Black gave back the P, but he can finish his development.} 11. O-O b5 (
11... O-O {looks satisfactory for Black.} 12. Rd1 Qc7 13. Bf4 b5 14. Qc2 Qb7 (
14... Bd6 $6 {is strongly met by} 15. Rxd6 $1 Qxd6 16. Ng6 Qd8 17. Nxf8 Qxf8
18. a4 $14 {^^}) 15. Nd2 Be6 {White has weaknesses on the <<.} 16. a4 Qb6 17.
axb5 cxb5 18. Rdb1 a6 19. Be3 Qc7 20. Bd4 Rfd8 $15 {>< c3, Hesse-Mottas, Pizol
op 1997.}) 12. Qc2 O-O (12... Qc7 13. Nf3 Bg4 14. Nbd2 Rd8 15. a4 a6 16. axb5
axb5 17. Ba3 $14 {Melts-Jahkind, corr Ukraina, 1991}) 13. a4 Qc7 (13... b4 14.
cxb4 Bxb4 15. Rd1 $1 $13 {P.Blatny} (15. Nxc6 $2 {eliminates the weak P
instead of developing the pieces.} Nxc6 16. Qxc6 Qd4 17. Qc2 Bb7 $17 {
Bulloskus-Melts, corr Ukraina 1983}) 15... Qc7 16. Bb2 (16. Nd3 Bd6) (16. f4
Be6 $13) 16... Be6 $13) (13... a6 14. axb5 cxb5 $13 (14... axb5 $2 15. Nxc6))
14. Nf3 a6 15. Bg5 Bg4 {There are plenty of alternatives for Black:} (15... Rd8
16. e5 (16. Nbd2 h6 17. Bh4 Nh5 {/\ Nf4} 18. Bxe7 Qxe7 19. e5 (19. g3 Bh3 20.
Rfd1 Nf6 $11) 19... Nf4 $132) 16... Nd5 17. Bxe7 (17. Bd3 Bxg5 {Black is not
afraid of losing his h P by check, he wants to eliminate White's central P.}
18. Bxh7+ Kf8 19. Nxg5 Qxe5 20. Nf3 Qh5 21. Be4 Nc4 $132) 17... Qxe7 18. axb5
axb5 19. Qe4 g6 20. Nd4 Bb7 $13) (15... h6 16. Bh4 Nh5 {/\ Nf4} 17. Bxe7 Qxe7
18. axb5 (18. Nd4 Nf4 19. axb5 (19. Bf3 Bd7 $15) 19... axb5 20. Bf3 (20. Nxc6
$2 {founders on} Qg5 21. Bf3 Bh3) 20... Bd7 $15) 18... axb5 19. Nd4 Nf4 20.
Nxc6 Qg5 21. g3 (21. Bf3 Bh3 $17) 21... Nxe2+ 22. Qxe2 Bg4 23. f3 Nxc6 24. Rxa8
Rxa8 25. fxg4 Ne5 $44) 16. Nbd2 Nb7 17. h3 (17. Rfd1 Rfd8 18. h3 (18. Bh4 Nc5)
18... Bh5 $13) 17... Bh5 18. Rae1 (18. e5 $6 {throws away the important d5
square and activates Black's B on the b1-h7 /^.} Bg6 19. Qb2 Nd5 $132) (18.
Rad1 Nc5 $13) 18... Nc5 19. Nd4 $6 (19. axb5 cxb5 $15) 19... Bg6 {attacking
White's [+].} (19... Bxe2 20. Rxe2 Nxa4 {Now White gets some |^ on the >>.} (
20... Ng4 21. hxg4 Bxg5 22. N2f3 Bf4 23. e5) 21. c4 Qd7 22. Nf5 $44) 20. f4 $6
{White doesn't sense the danger!} (20. axb5 cxb5 21. Bf3 Rad8 $15) 20... Ncxe4
$1 ({and not} 20... Nfxe4 $2 21. Bxe7 Nxd2 (21... Qxe7 22. f5) 22. Qxd2 Ne4 23.
Qe3 Qxe7 24. f5 $18) 21. Nxe4 Bxe4 22. Bd3 Bxd3 23. Qxd3 Rfe8 24. Re5 (24. Qf3
Rac8 $17) 24... Qd7 (24... h6 $1 {was the solution!} 25. Bh4 Nd5 $1 {Black
wants to exchange as many pieces as he can.} (25... c5 26. Nf5 $44) (25... g5
26. Bg3 $44) 26. Rfe1 {At first glance the pin is annoying on the e <->.} f6
27. Ne6 Bc5+ $1 {This is the point!} 28. Kh1 Rxe6 $1 29. Rxe6 Nxf4 30. Re8+
Rxe8 31. Rxe8+ Kf7 32. Qe4 Be7 $1 {the R is suddenly trapped!} 33. Rxe7+ (33.
Ra8 Qb7 34. Rh8 Ng6 $19) 33... Qxe7 34. Qxf4 g5 $17 {with a very comfortable Q
_|_.}) 25. Qf3 $44 {Now White is active enough to equalize.} Nd5 26. axb5 axb5
27. Bxe7 ({or simply} 27. Nxc6 Bc5+ 28. Kh2 Qxc6 29. Qxd5 $11) 27... Nxe7 28.
Rfe1 Ng6 {Black has to leave the pin on the e <->.} 29. Rxe8+ Rxe8 30. Rxe8+
Qxe8 31. Nxc6 Nh4 32. Qg4 Qxc6 33. Qxh4 f6 34. Qg3 1/2-1/2

[Event "KasparovChess GP g/60"]
[Site "Internet"]
[Date "2000.02.18"]
[Round "3.1"]
[White "Svidler, Peter"]
[Black "Piket, Jeroen"]
[Result "1/2-1/2"]
[WhiteElo "2672"]
[BlackElo "2633"]
[PlyCount "113"]
[EventDate "2000.02.09"]
[EventType "k.o."]
[EventRounds "4"]
[EventCountry "NET"]
[SourceTitle "CBM 076"]
[Source "ChessBase"]
[SourceDate "2000.05.31"]
[SourceVersion "1"]
[SourceVersionDate "2000.05.31"]
[SourceQuality "1"]

1. e4 e5 2. Nf3 Nc6 3. Bb5 a6 4. Ba4 Nf6 5. O-O Be7 6. Re1 b5 7. Bb3 d6 8. c3
O-O 9. h3 Nb8 10. d4 Nbd7 11. Nbd2 Bb7 12. Bc2 Re8 13. Nf1 Bf8 14. Ng3 g6 15.
b3 c6 16. Bg5 Bg7 17. Qd2 Nf8 18. a4 Qc7 19. b4 bxa4 20. Bxa4 Ne6 21. Be3 Re7
22. Reb1 h5 23. Bb3 Rae8 24. dxe5 dxe5 25. Bc4 c5 26. Qc2 cxb4 27. Rxb4 Nc5 28.
Bxc5 Qxc5 29. Qb3 Bc8 30. Bxa6 Be6 31. Bc4 Rc8 32. Raa4 Bh6 33. Rb5 Qd6 34. Rb6
Rc6 35. Rxc6 Qxc6 36. Nxe5 Qd6 37. Nf3 Bf4 38. Bxe6 Rxe6 39. Ne2 Be5 40. g3 Kg7
41. Kg2 Qd3 42. Nc1 Qd6 43. Qc4 Qd1 44. Nd3 Bxg3 45. Nc5 Rc6 46. Ng5 Rc7 47.
Nce6+ fxe6 48. Nxe6+ Kh6 49. Nxc7 Bxc7 50. Ra6 Ng4 51. Qf7 Ne3+ 52. fxe3 Qe2+
53. Qf2 Qxa6 54. Qf8+ Kh7 55. Qf7+ Kh6 56. Qf8+ Kh7 57. Qf7+ 1/2-1/2

[Event "Oz.com qual blitz"]
[Site "ICC INT"]
[Date "2000.03.05"]
[Round "1"]
[White "Guadalpi, David"]
[Black "Svidler, Peter"]
[Result "0-1"]
[WhiteElo "2287"]
[BlackElo "2672"]
[PlyCount "76"]
[EventDate "2000.03.05"]
[EventType "swiss (blitz)"]
[EventRounds "9"]
[EventCountry "USA"]
[SourceTitle "EXT 2001"]
[Source "ChessBase"]
[SourceDate "2000.11.22"]
[SourceVersion "1"]
[SourceVersionDate "2000.11.22"]
[SourceQuality "1"]

1. e4 c5 2. Nf3 d6 3. d4 Nf6 4. Nc3 cxd4 5. Nxd4 a6 6. Be3 e5 7. Nb3 Be6 8. f3
Be7 9. Qd2 Nbd7 10. O-O-O O-O 11. g4 Qc7 12. h4 b5 13. h5 Rfc8 14. g5 b4 15.
Nd5 Nxd5 16. exd5 Bxd5 17. g6 Nf6 18. gxf7+ Bxf7 19. Bd3 a5 20. Kb1 a4 21. Nc1
a3 22. b3 Nd5 23. Ne2 Bf6 24. Rdg1 Nxe3 25. Qxe3 Kh8 26. Rg4 Rab8 27. Rhg1 d5
28. Qd2 e4 29. fxe4 Qe5 30. c3 bxc3 31. Qc2 Bxh5 32. R4g2 Bf3 33. Rf2 dxe4 34.
Bc4 Rd8 35. Ng3 Rd2 36. Rxd2 cxd2 37. Qxd2 Qa1+ 38. Kc2 Qb2# 0-1

[Event "RUS-chT 07th"]
[Site "Smolensk"]
[Date "2000.04.21"]
[Round "7"]
[White "Fedorov, Alexei"]
[Black "Svidler, Peter"]
[Result "0-1"]
[WhiteElo "2684"]
[BlackElo "2672"]
[Annotator "Bangiev,A"]
[PlyCount "81"]
[EventDate "2000.04.15"]
[EventType "team-tourn"]
[EventRounds "11"]
[EventCountry "RUS"]
[SourceTitle "CBM 077"]
[Source "ChessBase"]
[SourceDate "2000.07.27"]
[SourceVersion "1"]
[SourceVersionDate "2000.07.27"]
[SourceQuality "1"]
[WhiteTeam "Smolensk TsEM"]
[BlackTeam "Sankt Petersburg Chess Federation"]
[WhiteTeamCountry "RUS"]
[BlackTeamCountry "RUS"]

1. e4 e5 2. f4 exf4 3. Nf3 d5 4. exd5 Nf6 5. Bc4 Nxd5 6. Bxd5 Qxd5 7. Nc3 Qd8
8. d4 Be7 9. Bxf4 O-O 10. O-O Bf5 $1 (10... c6 11. Ne4 $5 (11. Qd3 $5)) 11. Qd2
(11. Nb5 $6 Na6 12. d5 (12. c4 c6 13. Nc3 Nb4 $36) 12... Nb4 13. Nfd4 Bg6 14.
Nxc7 (14. c4 c6 $17) 14... Rc8 $132) 11... c6 $1 {Damit wird der Bauer auf d4
als Angriffziel blockiert.} 12. Kh1 {Der Anziehende bereitet den Vorstoß d4-d5
vor.} (12. d5 $6 Bf6 $1 (12... Bc5+ 13. Kh1 cxd5 14. Nxd5 Nc6 15. Rad1) (12...
Qb6+ 13. Nd4 $1) (12... Bb4 13. d6 $5) 13. Be5 (13. d6 Qb6+ 14. Be3 Qxb2 15.
Bd4 Qxc2 $15) 13... Bxe5 14. Nxe5 Be6 $5 $132) (12. Rae1 $5 Nd7 (12... Bb4 13.
a3 Bxc3 14. Qxc3 Nd7 15. Bd6 Re8 16. Rxe8+ Qxe8 17. Re1 $36) 13. Ne4 Nb6 14.
Rf2 Nd5 15. Rfe2 Nxf4 16. Qxf4 $36) 12... Bb4 $1 13. a3 (13. Rae1 Nd7 14. a3
Bxc3 15. Qxc3 Nb6 16. Bg3 $14) 13... Bxc3 14. Qxc3 Qd5 15. Qd2 {/\b3 gefolgt
von c4.} (15. Rae1 $142) 15... Nd7 16. b3 {[%cal Yc2c4] /\c4} b5 17. Rac1 {
[%cal Yc2c4]} Nb6 18. Rfe1 {/\Re5} Rfe8 19. Ne5 {/\c4} f6 $1 20. c4 bxc4 21.
bxc4 Qe6 22. Nf3 (22. c5 $5 fxe5 (22... Nd5 23. Nc4 Qd7 24. Nd6 $13) 23. cxb6
axb6 24. Rxe5 Qd7 25. Qb4 b5 26. Rce1 $11) 22... Qf7 23. d5 $6 (23. Qa5 Rxe1+
24. Rxe1 Bg4 $15) (23. c5 Nd5 $15) 23... cxd5 24. Nd4 Nxc4 $1 (24... Be4 25. c5
Nc4 26. Qa2 Rac8 27. c6 Qg6 28. Bg3 $132) 25. Rxc4 Rxe1+ 26. Qxe1 Re8 (26...
dxc4 27. Nxf5) 27. Qa5 dxc4 28. Nxf5 Qe6 $17 29. Bd2 Qe5 30. Qxe5 Rxe5 {
Der schwarze Turm ist hier stärker als zwei weiße Leitfiguren, da die ohne
Stützpunkten immer gejagt und weiter verdrängt werden.} 31. Nd4 Re4 32. Nf3 g5
33. h3 h5 34. Kg1 g4 35. hxg4 hxg4 36. Nh4 Rd4 37. Bb4 Rd1+ (37... Rd3 $19) 38.
Kf2 Rc1 39. Ke3 c3 40. Nf5 a5 41. Bxa5 0-1

[Event "RUS-chT 07th"]
[Site "Smolensk"]
[Date "2000.04.24"]
[Round "10"]
[White "Svidler, Peter"]
[Black "Fominyh, Alexander"]
[Result "1-0"]
[WhiteElo "2672"]
[BlackElo "2551"]
[Annotator "Ribli,Z"]
[PlyCount "81"]
[EventDate "2000.04.15"]
[EventType "team-tourn"]
[EventRounds "11"]
[EventCountry "RUS"]
[SourceTitle "CBM 077"]
[Source "ChessBase"]
[SourceDate "2000.07.27"]
[SourceVersion "1"]
[SourceVersionDate "2000.07.27"]
[SourceQuality "1"]
[WhiteTeam "Sankt Petersburg Chess Federation"]
[BlackTeam "Novosibirsk Transsib"]
[WhiteTeamCountry "RUS"]
[BlackTeamCountry "RUS"]

1. e4 c5 2. Nf3 Nc6 3. d4 cxd4 4. Nxd4 e6 5. Nc3 Qc7 6. Be2 {Großmeister
Svidler spielt gerne diesen klassischen Aufbau.} a6 7. O-O Nf6 8. Be3 (8. Kh1
Bc5 $6 9. Be3 (9. Nb3 $5 $14) 9... Ne7 {Diese spezielle Nebenvariante für
Schwarz kam in einer früheren Partie derselben Kontrahenten aufs Brett 
(Svidler,P. - Fominyh,A RUS ch 1995).}) 8... Bb4 9. Na4 Be7 10. Nxc6 (10. c4 $5
{Dieses Bauernopfer führt zu unklaren Verwicklungen, aber meiner Meinung nach
hat Schwarz gute Ausgleichschancen.}) 10... bxc6 11. Nb6 Rb8 12. Nxc8 Qxc8 13.
Bd4 {Es ist interessant, vor fünf Jahren war dieser Zug praktisch unbekannt,
und jetzt spielt ihn jederman.} c5 14. Be5 Rb6 (14... d6 $2 15. Bxd6 Rxb2 16.
Bxe7 Kxe7 17. e5 Nd5 18. Qc1 $36 {[%cal Rc1b2,Rc1g5]}) 15. Qd3 (15. b3 Nxe4 16.
Bxg7 Rg8 17. Bb2 Rd6 $1 18. Bd3 c4 $1 19. bxc4 Qc6 20. Qf3 $8 Nd2 $11 {1/2-1/2
Lutz,C-Miladinovic,I/Corfu 1999/CBM 74/[Ribli] (31)}) (15. Bf3 O-O (15... d6
16. Bc3 e5 17. a4 g5 18. a5 Rc6 19. Ra4 c4 20. Qe1 h5 21. Bd1 h4 22. Bd2 Rg8
23. Kh1 Bd8 24. Qe3 Qe6 25. Be2 d5 {1/2-1/2 Hernandez,Y-Botsari,A/Eu Team Ch 
(women) 1999 (70)}) 16. Bc3 d6 17. a4 Nd7 18. a5 Rb8 19. Qd2 Rd8 20. Rfd1 Bf6
21. Bxf6 Nxf6 22. e5 Ne8 23. exd6 Nxd6 24. Qc3 Nb5 25. Rxd8+ Qxd8 26. Qxc5 Nd4
{0-1 Dashko,A-Tregubov,P/Krasnodar 1998/EXT 2000 (48)}) 15... O-O $6 (15... d6
$5 {Dieser Zug ist viel logischer als die Partiefortsetzung, denn jetzt muss
sich der weiße Läufer mit dem Feld c3 begnügen.} 16. Bc3 O-O 17. b3 d5 $11) 16.
b3 (16. c4 d6 17. Bc3 Nd7 18. f4 (18. Rab1 Bf6 19. Ba5 Rxb2 20. Rxb2 Bxb2 21.
Qxd6 Be5 22. Qd3 Bd4 23. Rb1 Qc6 24. Qc2 g6 25. Bd3 Qd6 26. Kh1 Rb8 27. Rxb8+
Qxb8 {0-1 Bremond,E-Andrijevic,M/Cannes op 1989 (39)}) 18... Bf6 19. Bxf6 Nxf6
20. b3 a5 21. Rae1 e5 22. f5 {1-0 Koch,J-Fressinet,L/FRA 1999/EXT 2000 (35)})
16... d6 17. Bb2 Nd7 {[%cal Ge7f6,Gf6b2] Mit diesem Springerzug bereitet
Schwarz den möglichen Läufertausch mittels Bf6 vor.} 18. Rad1 {[%cal Gd1d7]} (
18. f4 Bf6 19. Bxf6 Nxf6 $11) 18... Bf6 19. Bc1 {Weiß möchte sein Läuferpaar
behalten.} Ne5 $146 (19... a5 20. f4 Rd8 21. Qh3 Nf8 22. Bd2 Qa8 23. Bd3 a4 24.
Rde1 axb3 (24... g6 $6 25. f5 exf5 26. exf5 Re8 27. fxg6 Bd4+ 28. Kh1 hxg6 29.
Bc4 d5 30. Bxd5 Qxd5 (30... Rxe1 31. Bxf7+ $18) 31. Rxe8 Bg7 32. Bc3 {1-0
Shirov,A-Atakisi,U/Batumi 1999/CBM 74 (32)}) 25. axb3 Ng6 26. g3 Rbb8 27. Qg2
Bd4+ 28. Kh1 d5 {0-1 Korneev,O-Halkias,S/Ubeda 2000/CBM 75/[Ribli] (51)}) (
19... c4 $5 20. Qxc4 (20. bxc4 Nc5 $44) 20... Rc6 {[%cal Gc8c2]} 21. Qa4 Rxc2 (
21... Nc5 22. Qb4 a5 23. Qxa5 Nxe4 24. Bd3 Nc3 25. Rde1 d5 26. a4 $16) 22. Bxa6
Nc5 23. Bxc8 Nxa4 24. Ba6 (24. bxa4 Rfxc8 $44) 24... Nc3 25. Rxd6 Rxa2 $44) 20.
Qh3 (20. Qg3) 20... Qc6 (20... c4 $2 21. Be3 $16 {Der Rb6 hängt, und Weiß
spielt 22.f4 mit Bauerngewinn.}) 21. f4 Ng6 22. Qd3 $14 {Weiß hat das
Läuferpaar und Übergewicht im Zentrum. Schwarz hat keine besondere Schwäche
aber auch kaum Chancen auf aktives Gegenspiel.} (22. Bd3 $5 $14) (22. Bf3 Nh4
$11) (22. f5 exf5 23. exf5 Ne5 $11 {[%csl Ge5]}) 22... Qb5 (22... Bd4+ 23. Kh1
(23. Be3 $2 e5 $2 $15) 23... f5 24. exf5 (24. Bf3 Nh4 $11) 24... Nh4 {[%csl
Rg2][%cal Rc6g2]} 25. Qh3 Nxf5 26. c3 Bf6 27. Bc4 {[%csl Rf5][%cal Gc4g8,Rh3f5]
} d5 28. Bxd5 exd5 29. Qxf5 $16) 23. Qxb5 (23. Be3 Qxd3 24. Rxd3 $14) 23...
axb5 24. a4 bxa4 25. bxa4 {[%csl Ga4][%cal Ge2a6,Ga4a5] Weiß hat einen
potentiell gefährlichen entfernten Freibauern auf der a-Linie.} Ra8 26. Bb5 {
[%csl Ga4,Gb5]} Bd4+ (26... Ne7 27. e5 dxe5 28. Ba3 {[%csl Rc5][%cal Ra3c5]}
exf4 (28... Rc8 $2 29. Bxc5 $16) 29. Bxc5 Rb7 30. Rxf4 $14) 27. Kh1 Ne7 {
[%cal Ge7c6]} 28. Bd2 Nc6 (28... Nc8 {[%cal Gc8a7,Ga7b5]} 29. c3 Bf6 30. c4 Na7
31. Ba5 Rb7 32. Ba6 Rd7 33. Bb6 Bd4 34. a5 $14) 29. e5 $5 $36 {[%csl Rd4][%cal
Rc2c3,Rc3d4][%mdl 64] Nach diesem Zug droht der Läuferfang durch 30.c3.} (29.
Rb1 $14) 29... dxe5 (29... Na7 30. Be2 $14 (30. c3 Nxb5 31. axb5 dxe5 32. cxd4
(32. Ra1 Rab8 33. Rfb1 c4) 32... exd4 33. Ra1 Rab8 34. Rfb1 h5 $132)) 30. c3 {
[%csl Rd4]} exf4 (30... Na7 31. Bd3 $16) 31. Bxf4 $5 (31. Bxc6 Rxc6 32. cxd4
cxd4 33. a5 (33. Bxf4 Rxa4 $15 {[%cal Gf7f6,Ge6e5]}) 33... e5 34. Rc1 $14)
31... Bxc3 32. Bc7 Rba6 (32... Rxb5 $2 33. axb5 $16) 33. Rd6 $1 {[%csl Rc6]} (
33. Bxa6 Rxa6 $11) 33... Nb4 34. Bxa6 Nxa6 {[%mdl 1024]} 35. Rd8+ $6 (35. Bb6
Bf6 36. a5 c4 37. Bd4 $14) 35... Rxd8 36. Bxd8 Kf8 37. Rd1 Bd4 {[%csl Gc5,Gd4]}
(37... Ke8 $13) 38. Rb1 c4 $2 {Nach diesem scheinbar aktiven Zug verliert
Schwarz den c-Bauern.} (38... Nb4 39. a5 (39. Ba5 Nc6) 39... Ke8 (39... f5) 40.
Bb6 {Droht 41.Rxb4.} Na6 $13) 39. Rc1 c3 40. Ba5 $18 {[%csl Rc3]} Nc5 41. Bb4
1-0